| 000 | 00693nam a2200265Ia 4500 | ||
|---|---|---|---|
| 001 | 5293 | ||
| 005 | 20240113233825.0 | ||
| 007 | ta | ||
| 008 | 050617s1963 a g b000 u hin u | ||
| 020 | _cHB | ||
| 040 | _aCotton College Assam | ||
| 041 | _ahin | ||
| 082 |
_a891.433 _bB 954 B |
||
| 100 | _aBeri, Om Prakash. | ||
| 245 | 0 |
_aBirbal Ki Gap-Sap / _cOm Prakash Beri. _hTextual Documents |
|
| 250 | _a3rd ed. / | ||
| 260 |
_aBaranashi : _bHindi Prasarak Pustakalay , _c1963. |
||
| 300 |
_a72p. : _bill. ; _c18cm . |
||
| 653 | _aHindi short stories | ||
| 653 | _aShort Stories-Hindi | ||
| 653 | _aGen-Hindi | ||
| 942 |
_2ddc _cBK |
||
| 999 |
_c5280 _d5280 |
||